书目信息 |
| 题名: |
大学英语四级考试听力精解
|
|
| 作者: | 战凤梅 , 张秀英 主编 | |
| 分册: | 1 | |
| 出版信息: | 北京 对外经济贸易大学出版社 2019.5 |
|
| 页数: | 230页 | |
| 开本: | 19cm | |
| 丛书名: | 毓秀外语系列 | |
| 单 册: | ||
| 中图分类: | H319.9 | |
| 科图分类: | ||
| 主题词: | 大学英语水平考试--听说教学--题解 | |
| 电子资源: | ||
| ISBN: | 978-7-5663-2048-3 | |
| 000 | 01351oam2 2200265 450 | |
| 001 | 202019135466 | |
| 005 | 20191007123107.0 | |
| 010 | @a978-7-5663-2048-3@dCNY52.00 | |
| 100 | @a20191004d2019 em y0chiy0110 ea | |
| 101 | 0 | @achi |
| 102 | @aCN@b110000 | |
| 105 | @ay z 000yy | |
| 106 | @ar | |
| 200 | 1 | @a大学英语四级考试听力精解@ADa Xue Ying Yu Si Ji Kao Shi Ting Li Jing Jie@h1@f战凤梅,张秀英主编 |
| 210 | @a北京@c对外经济贸易大学出版社@d2019.5 | |
| 215 | @a230页@d19cm | |
| 225 | 2 | @a毓秀外语系列@AYu Xiu Wai Yu Xi Lie |
| 330 | @a《大学英语四级考试听力精解2》是毓秀外语系列丛书之一,是根据最新大学英语四级考试革大纲编写的听力练习及解析的书籍。其内容包括2四级听力题型(如新闻听力、长对话和短文听力)的命题趋势分析、听力提高的策略和技巧,2014年—2015年四级听力真题套题共10套,包含听力原文、译文、生词、答案的详细解析,以及听力场景词汇、词组等有利于夯实基础的备考资源。本书从选材、难度到内容形式都符合四级考试要求,旨在帮助考生在短时间内掌握听力技巧,通过本书的练习突破听力难关,提高听力水平,从而提高考生在四级考试中的答题速度和正确率,在大学英语四级考试中取得优异的成绩。 | |
| 410 | 0 | @12001 @a毓秀外语系列 |
| 606 | 0 | @a大学英语水平考试@x听说教学@x题解 |
| 690 | @aH319.9@v5 | |
| 701 | 0 | @a战凤梅@AZhan Feng Mei@4主编 |
| 701 | 0 | @a张秀英@AZhang Xiu Ying@4主编 |
| 801 | 0 | @aCN@c20190905 |
| 905 | @a河南城建学院图书馆@dH319.9@eZ062:1 | |
| 大学英语四级考试听力精解.1/战凤梅,张秀英主编.-北京:对外经济贸易大学出版社,2019.5 |
| 230页;19cm.-(毓秀外语系列) |
| ISBN 978-7-5663-2048-3:CNY52.00 |
| 《大学英语四级考试听力精解2》是毓秀外语系列丛书之一,是根据最新大学英语四级考试革大纲编写的听力练习及解析的书籍。其内容包括2四级听力题型(如新闻听力、长对话和短文听力)的命题趋势分析、听力提高的策略和技巧,2014年—2015年四级听力真题套题共10套,包含听力原文、译文、生词、答案的详细解析,以及听力场景词汇、词组等有利于夯实基础的备考资源。本书从选材、难度到内容形式都符合四级考试要求,旨在帮助考生在短时间内掌握听力技巧,通过本书的练习突破听力难关,提高听力水平,从而提高考生在四级考试中的答题速度和正确率,在大学英语四级考试中取得优异的成绩。 |
| ● |
| 相关链接 |
|
|
|
正题名:大学英语四级考试听力精解
索取号:H319.9/Z062:1
 
预约/预借
| 序号 | 登录号 | 条形码 | 馆藏地/架位号 | 状态 | 备注 |
| 1 | 1444273 | 214442735 | 语言库209/209语言库 113排1列1层/ [索取号:H319.9/Z062:1] | 在馆 | |
| 2 | 1444274 | 214442744 | 语言库209/209语言库 113排1列1层/ [索取号:H319.9/Z062:1] | 在馆 |